TEXT BOOK OF ENDODONTICS (Record no. 4353)
[ view plain ]
| 000 -LEADER | |
|---|---|
| fixed length control field | 00366nam a2200145Ia 4500 |
| 008 - FIXED-LENGTH DATA ELEMENTS--GENERAL INFORMATION | |
| fixed length control field | 150201s2010 xx 000 0 und d |
| 082 ## - DEWEY DECIMAL CLASSIFICATION NUMBER | |
| Classification number | 6176342 |
| Item number | E2010K |
| 100 ## - MAIN ENTRY--PERSONAL NAME | |
| Personal name | KOHLI,ANIL |
| 245 ## - TITLE STATEMENT | |
| Title | TEXT BOOK OF ENDODONTICS |
| 250 ## - EDITION STATEMENT | |
| Edition statement | 1ST |
| 260 ## - PUBLICATION, DISTRIBUTION, ETC. (IMPRINT) | |
| Name of publisher, distributor, etc. | ELSEVIER |
| Place of publication, distribution, etc. | DELHI |
| Date of publication, distribution, etc. | 2010 |
| 300 ## - PHYSICAL DESCRIPTION | |
| Extent | 1-432 |
| 650 ## - SUBJECT ADDED ENTRY--TOPICAL TERM | |
| Topical term or geographic name as entry element | CONSERVATIVE DENTISTRY & ENDODONTICS |
| 942 ## - ADDED ENTRY ELEMENTS (KOHA) | |
| Source of classification or shelving scheme | Dewey Decimal Classification |
| Koha item type | Books |
| Koha issues (borrowed), all copies | 1 |
| Withdrawn status | Lost status | Source of classification or shelving scheme | Damaged status | Not for loan | Home library | Current library | Date acquired | Source of acquisition | Serial Enumeration / chronology | SGTU | Bill Number | Total Checkouts | Full call number | Barcode | Date last seen | Date last checked out | Bill Date | Koha item type | Cost, normal purchase price |
|---|---|---|---|---|---|---|---|---|---|---|---|---|---|---|---|---|---|---|---|
| Dewey Decimal Classification | SGT Dental Library | SGT Dental Library | 03/07/2009 | PUBLISHERS | 1 | SGTU | COMP | 2 | 6176342 E2010K | FD5868 | 08/08/2025 | 06/08/2025 | 26/02/2013 | Books | |||||
| Dewey Decimal Classification | SGT Dental Library | SGT Dental Library | 11/11/2011 | U.B.S.DELHI | 1 | SGTU | 514 | 3 | 617.6342 E2010K | FD6572 | 24/02/2020 | 24/02/2020 | 08/06/2013 | Books | 700.00 | ||||
| Dewey Decimal Classification | SGT Dental Library | SGT Dental Library | 11/11/2011 | U.B.S.DELHI | 1 | SGTU | 514 | 617.6342 E2010K | FD6573 | 04/09/2021 | 08/06/2013 | Books | 700.00 | ||||||
| Dewey Decimal Classification | SGT Dental Library | SGT Dental Library | 11/11/2011 | U.B.S.DELHI | 1 | SGTU | 514 | 617.6342 E2010K | FD6574 | 09/02/2015 | 08/06/2013 | Books | 700.00 | ||||||
| Dewey Decimal Classification | SGT Dental Library | SGT Dental Library | 11/11/2011 | U.B.S.DELHI | 1 | SGTU | 514 | 1 | 617.6342 E2010K | FD6575 | 02/09/2024 | 29/08/2024 | 08/06/2013 | Books | 700.00 |